Statistics for Top 15 Celebrities Born In 1942

Click here to take the quiz!

General Stats

  • This quiz has been taken 150 times
  • The average score is 8 of 15

Answer Stats

Answer% Correct
Joe Biden
96%
Stephen Hawking
89%
Muhammad Ali
88%
Paul McCartney
84%
Harrison Ford
79%
Aretha Franklin
71%
Jimi Hendrix
68%
Barbra Streisand
61%
Bob Ross
54%
Judge Judy
29%
Wayne Newton
21%
Carole King
19%
Calvin Klein
13%
Betsey Johnson
8%
Amitabh Bachchan
6%

Score Distribution

Percentile by Number Answered

Percent of People with Each Score

Your Score History

You have not taken this quiz